000 00262nam a22001097a 4500
041 _aENG
245 _aProceedings Of The Vasantrao Naik Memorial
260 _aAkola
_bPanjabrao Krishi Vidyapeeth
_c1993
300 _a223
650 _aGAE (37)
856 _uGAE (37)
999 _c3157
_d3157